000 01250cam a2200349 4500
001 3614034
003 OSt
005 20140310184408.0
008 730802t19741974nyua j 000 1 eng
010 _a 73012940
020 _a0590404008
040 _aDLC
_cDLC
_dDLC
042 _alcac
050 0 0 _aPZ 7
_b.El749Hu 1944
100 1 _aEstes, Eleanor,
_d1906-1988.
_925951
245 1 4 _aThe hundred dresses /
_cIllustrated by Louis Slobodkin.
260 _aNew York,
_bHarcourt Brace Jovanovich
_c1944
300 _a78 p.
_bill. ;
_c19 cm.
490 0 _aA Voyager book, AVB 88
520 _aIn winning a medal she is no longer there to receive, a tight-lipped little Polish girl teaches her classmates a lesson.
521 _aG6
526 _c870
562 _e1
650 1 _aPolish Americans
_xFiction.
_925952
650 1 _aFriendship
_xFiction.
_925953
700 1 _aSlobodkin, Louis,
_d1903-1975,
_eillus.
_925954
856 4 2 _3Publisher description
_uhttp://www.loc.gov/catdir/description/har041/73012940.html
856 4 2 _3Contributor biographical information
_uhttp://www.loc.gov/catdir/enhancements/fy1003/73012940-b.html
906 _a7
_bcbc
_corignew
_d1
_eocip
_f19
_gy-gencatlg
942 _2lcc
_cBK-SCHOLAS
999 _c34075
_d34075